All TF2 Pyro Weapons - Statistics

General Stats
  • This quiz has been taken 23 times
  • The average score is 21 of 28
Answer Stats
Weapon Slot Weapon % Correct
Primary Flame Thrower
100%
Primary Backburner
93%
Primary Degreaser
93%
Melee Fire Axe
93%
Secondary Flare Gun
93%
Secondary Shotgun
93%
Melee Axtinguisher
86%
Primary Phlogistinator
86%
Secondary Detonator
79%
Primary Rainblower
79%
Secondary Scorch Shot
79%
Secondary Thermal Thruster
79%
Melee Back Scratcher
71%
Primary Dragon's Fury
71%
Secondary Gas Passer
71%
Melee Homewrecker
71%
Melee Lollichop
71%
Melee Neon Annihilator
71%
Secondary Panic Attack
71%
Melee Powerjack
71%
Secondary Reserve Shooter
71%
Melee Sharpened Volcano Fragment
71%
Melee Hot Hand
64%
Secondary Manmelter
64%
Melee Postal Pummeler
64%
Melee Third Degree
64%
Melee Maul
57%
Primary Nostromo Napalmer
57%
No matching quizzes found
Score Distribution
Percent of People with Each Score
Percentile by Number Answered
Your Score History
You have not taken this quiz